|
|
|
|
| LEADER |
01671nam a2200409 i 4500 |
| 001 |
EBC1647276 |
| 003 |
MiAaPQ |
| 005 |
20200520144314.0 |
| 006 |
m o d | |
| 007 |
cr cnu|||||||| |
| 008 |
131216t20132013nju ob 001 0 eng|d |
| 020 |
|
|
|z 9781938134357
|
| 020 |
|
|
|a 9781938134364
|q (electronic bk.)
|
| 035 |
|
|
|a (MiAaPQ)EBC1647276
|
| 035 |
|
|
|a (Au-PeEL)EBL1647276
|
| 035 |
|
|
|a (CaPaEBR)ebr10845318
|
| 035 |
|
|
|a (CaONFJC)MIL580922
|
| 035 |
|
|
|a (OCoLC)873140356
|
| 040 |
|
|
|a MiAaPQ
|b eng
|e rda
|e pn
|c MiAaPQ
|d MiAaPQ
|
| 050 |
|
4 |
|a HF1365
|b .Z46 2013
|
| 100 |
1 |
|
|a Zhou, Zhenhua,
|e author.
|
| 245 |
1 |
2 |
|a A study on globalizing cities :
|b theoretical frameworks and China's modes /
|c Zhenhua Zhou.
|
| 264 |
|
1 |
|a Hackensack, NJ :
|b World Century Pub. Corporation,
|c [2013]
|
| 264 |
|
4 |
|c 2013
|
| 300 |
|
|
|a 1 online resource (495 pages)
|
| 336 |
|
|
|a text
|2 rdacontent
|
| 337 |
|
|
|a computer
|2 rdamedia
|
| 338 |
|
|
|a online resource
|2 rdacarrier
|
| 504 |
|
|
|a Includes bibliographical references and index.
|
| 588 |
|
|
|a Description based on print version record.
|
| 590 |
|
|
|a Electronic reproduction. Ann Arbor, MI : ProQuest, 2015. Available via World Wide Web. Access may be limited to ProQuest affiliated libraries.
|
| 650 |
|
0 |
|a Globalization.
|
| 650 |
|
0 |
|a Urbanization.
|
| 655 |
|
4 |
|a Electronic books.
|
| 776 |
0 |
8 |
|i Print version:
|a Zhou, Zhenhua.
|t Study on globalizing cities : theoretical frameworks and China's modes.
|d Hackensack, NJ : World Century Pub. Corporation, [2013]
|z 9781938134357
|w (DLC)17972411
|
| 797 |
2 |
|
|a ProQuest (Firm)
|
| 856 |
4 |
0 |
|u https://ebookcentral.proquest.com/lib/matrademy/detail.action?docID=1647276
|z Click to View
|